[Event "American Continental 18th"]
[Site "Medellin"]
[Date "2024.06.02"]
[Round "11"]
[White "Martinez Paipa, Hernan"]
[Black "Gonzalez Gonzalez, Guillermo David"]
[Result "1-0"]
[WhiteElo "1839"]
[BlackElo "1690"]
[PlyCount "91"]
[EventDate "2024.05.24"]
[EventType "swiss"]
[EventRounds "11"]
[EventCountry "COL"]
[SourceTitle "CB23_2024"]
[SourceDate "2024.06.05"]
[SourceVersion "1"]
[SourceVersionDate "2024.06.05"]
[SourceQuality "1"]

1. c4 c6 2. Nc3 d5 3. cxd5 cxd5 4. d4 Nf6 5. Nf3 Nc6 6. g3 e6 7. Bg2 Bd6 8. 0-0 0-0 9. a3 a6 10. e3 b5 11. Bd2 Rb8 12. Rc1 Na5 13. Ne1 Nc4 14. Nd3 a5 15. Ra1 Ba6 16. b4 a4 17. Nc5 Bxc5 18. dxc5 Qd7 19. Qc2 Bb7 20. Rfd1 Bc6 21. Bc1 Qb7 22. Ne2 e5 23. Bb2 Nxb2 24. Qxb2 Rfe8 25. Rd2 Nd7 26. Rad1 e4 27. Nd4 Nf6 28. Nf5 Qc7 29. Nd6 Red8 30. Qe5 Re8 31. Qc3 Re7 32. Bh3 Bd7 33. Bf1 Bg4 34. Nxb5 Qe5 35. Qxe5 Rxe5 36. Rc1 Rh5 37. c6 Ne8 38. Nc3 Nc7 39. b5 Bf3 40. Rb2 Re8 41. b6 h6 42. bxc7 Kh7 43. Rb8 Ree5 44. c8Q Rxh2 45. Kxh2 Rh5+ 46. Bh3 1-0

[Event "American Continental Blitz 18th"]
[Site "Medellin"]
[Date "2024.05.29"]
[Round "3"]
[White "Cano Acosta, Luis Fernando"]
[Black "Gonzalez Gonzalez, Guillermo David"]
[Result "1/2-1/2"]
[WhiteElo "1826"]
[BlackElo "1690"]
[PlyCount "66"]
[EventDate "2024.05.29"]
[EventType "swiss (blitz)"]
[EventRounds "9"]
[EventCountry "COL"]
[SourceTitle "CB23_2024"]
[SourceDate "2024.06.05"]
[SourceVersion "1"]
[SourceVersionDate "2024.06.05"]
[SourceQuality "1"]

1. e4 e6 2. d4 d5 3. Nd2 Nf6 4. e5 Nfd7 5. c4 c5 6. cxd5 exd5 7. dxc5 Bxc5 8. Ngf3 Nc6 9. Nb3 Bb4+ 10. Bd2 Bxd2+ 11. Qxd2 Ndxe5 12. Nxe5 Nxe5 13. Bb5+ Nc6 14. Rd1 Qe7+ 15. Be2 Be6 16. 0-0 0-0 17. Nd4 Nxd4 18. Qxd4 a6 19. Bf3 Rfd8 20. Rfe1 Qg5 21. Re5 Qf6 22. Bxd5 Bxd5 23. Rxd5 Qxd4 24. R5xd4 Rxd4 25. Rxd4 Rc8 26. g3 g6 27. b4 Rc2 28. a4 Ra2 29. Rd7 Rxa4 30. Rxb7 h5 31. Ra7 Rxb4 32. Rxa6 Kg7 33. Kg2 Rb3 1/2-1/2

[Event "American Continental 18th"]
[Site "Medellin"]
[Date "2024.05.28"]
[Round "7"]
[White "Montoya, Miguel"]
[Black "Gonzalez Gonzalez, Guillermo David"]
[Result "1-0"]
[WhiteElo "1918"]
[BlackElo "1690"]
[PlyCount "101"]
[EventDate "2024.05.24"]
[EventType "swiss"]
[EventRounds "11"]
[EventCountry "COL"]
[SourceTitle "CB23_2024"]
[SourceDate "2024.06.05"]
[SourceVersion "1"]
[SourceVersionDate "2024.06.05"]
[SourceQuality "1"]

1. d4 Nf6 2. Bf4 e6 3. Nd2 c5 4. c3 Be7 5. h3 Nc6 6. e3 Qb6 7. Rb1 d5 8. Bd3 Bd7 9. Ngf3 Rc8 10. 0-0 cxd4 11. exd4 0-0 12. Ne5 Na5 13. Re1 Bb5 14. Bc2 Nc4 15. Ndxc4 dxc4 16. Qe2 Rfd8 17. g4 Nd7 18. Nxd7 Rxd7 19. Qe4 g6 20. Bh6 Bf8 21. Qf4 Qd8 22. Bxf8 Qxf8 23. Re5 Bc6 24. Be4 Qd6 25. Qf6 Bxe4 26. Rxe4 Rc6 27. d5 e5 28. Qxe5 Qxd5 29. Qe8+ Kg7 30. Rd4 Qf3 31. Rxd7 Rf6 32. Qe3 Qc6 33. Qd4 h6 34. Rd1 g5 35. Rd6 Qxd6 36. Qxd6 Rxd6 37. Rxd6 a6 38. Rb6 a5 39. Rxb7 a4 40. Ra7 a3 41. bxa3 Kg6 42. Ra6+ f6 43. Rc6 h5 44. a4 hxg4 45. hxg4 Kg7 46. a5 f5 47. f3 f4 48. a6 Kf7 49. a7 Ke7 50. a8Q Kd7 51. Qb7+ 1-0

[Event "American Continental 18th"]
[Site "Medellin"]
[Date "2024.05.25"]
[Round "2"]
[White "Gonzalez Gonzalez, Guillermo David"]
[Black "Cuervo Velasquez, Juan Manuel"]
[Result "0-1"]
[WhiteElo "1690"]
[BlackElo "1879"]
[PlyCount "53"]
[EventDate "2024.05.24"]
[EventType "swiss"]
[EventRounds "11"]
[EventCountry "COL"]
[SourceTitle "CB23_2024"]
[SourceDate "2024.06.05"]
[SourceVersion "1"]
[SourceVersionDate "2024.06.05"]
[SourceQuality "1"]

1. d4 Nf6 2. c4 g6 3. Nc3 d5 4. cxd5 Nxd5 5. Nf3 Bg7 6. e3 0-0 7. Bc4 Nb6 8. Bb3 Na6 9. 0-0 c5 10. dxc5 Nxc5 11. Bc2 Qc7 12. Nb5 Qb8 13. h3 Be6 14. Na3 Nc4 15. Nxc4 Bxc4 16. Re1 Rd8 17. Nd2 Bd3 18. Nb3 Bxc2 19. Qxc2 Nd3 20. Rd1 Nb4 21. Qe2 Qc7 22. Nd4 Bxd4 23. Rxd4 Rxd4 24. exd4 Nc2 25. Bf4 Nxd4 26. Qd2 Qxf4 27. Kf1 0-1

[Event "COL-ch U12"]
[Site "Choconta"]
[Date "2023.03.19"]
[Round "4"]
[White "Van der Mass, Martien"]
[Black "Gonzalez Gonzalez, Guillermo David"]
[Result "1-0"]
[WhiteElo "1205"]
[BlackElo "1423"]
[PlyCount "99"]
[EventDate "2023.03.17"]
[EventType "swiss"]
[EventRounds "7"]
[EventCountry "COL"]
[SourceTitle "CBM 213 Extra"]
[Source "ChessBase"]
[SourceDate "2023.05.31"]
[SourceVersion "1"]
[SourceVersionDate "2023.05.31"]
[SourceQuality "1"]

1. e4 c5 2. Nf3 d6 3. d4 cxd4 4. Nxd4 Nf6 5. Nc3 g6 6. Be3 Bg7 7. f3 0-0 8. Qd2 Nc6 9. 0-0-0 Bd7 10. g4 h5 11. g5 Nh7 12. f4 Nxd4 13. Bxd4 Bxd4 14. Qxd4 Qb6 15. Nd5 Qd8 16. Ne3 Qb6 17. Qxb6 axb6 18. a3 Bc6 19. Nd5 Bxd5 20. Rxd5 Ra4 21. Bd3 Ra5 22. Rd4 f6 23. h4 Rc5 24. Rb4 Rc6 25. Bc4+ Kg7 26. Bd5 Rc7 27. Rxb6 fxg5 28. fxg5 Rf2 29. c3 Nf8 30. Rxb7 Rxb7 31. Bxb7 Rf4 32. Kd2 Nd7 33. b4 Rf2+ 34. Ke3 Ra2 35. a4 Rxa4 36. Bc6 Ra7 37. Bxd7 Rxd7 38. Kd4 e6 39. Rf1 Rc7 40. c4 Rb7 41. b5 d5 42. exd5 exd5 43. Kxd5 Kh8 44. Kc6 Rh7 45. b6 Rh6 46. b7 Kg7 47. gxh6+ Kxh6 48. b8Q Kg7 49. Qf8+ Kh7 50. Rf7# 1-0